00708cam a22002171 4500001001300000003000400013005001700017008004100034010001700075035001900092040005400111042001200165050001500177100003100192245005300223260006000276300004600336500006700382650002400449999001700473gs 18000318 DLC20260227111322.0820127s1895 fr ab 000 0 fre c ags 18000318  a(OCoLC)8099027 aLibrary, U.S. Geological SurveycCU-SdOCoLCdDLC apremarc00aGB451b.G51 aGirard, Jules,d1825-1902.13aLa géographie littorale,cpar Jules Girard ... aParis,bSociété d' éditions scientifiques,c1895. a2 l., 231 p.billus. (incl. maps)c26 cm. aAt head of title: Bibliothéque générale de géographie. 0aPhysical geography. c25866d25866